Introduction to carbon science (Record no. 47646)

MARC details
000 -LEADER
fixed length control field 00643nam a2200181 a 4500
008 - FIXED-LENGTH DATA ELEMENTS--GENERAL INFORMATION
fixed length control field 120416s1989 ||||||||||||||||| || u
020 ## - INTERNATIONAL STANDARD BOOK NUMBER
International Standard Book Number 0408038373
050 ## - LIBRARY OF CONGRESS CALL NUMBER
Classification number QD 181.C1 Int
100 ## - MAIN ENTRY--PERSONAL NAME
Personal name Marsh, Harry
245 10 - TITLE STATEMENT
Title Introduction to carbon science
Statement of responsibility, etc. edited by Harry Marsh
260 ## - PUBLICATION, DISTRIBUTION, ETC.
Place of publication, distribution, etc. London
Name of publisher, distributor, etc. Butterworths
Date of publication, distribution, etc. 1989
300 ## - PHYSICAL DESCRIPTION
Extent xxv, 321p. : ill.
350 ## - PRICE (NR) (BK AM CF MU VM SE) [OBSOLETE]
Price 0.00
500 ## - GENERAL NOTE
General note Bibliography
650 ## - SUBJECT ADDED ENTRY--TOPICAL TERM
Topical term or geographic name entry element CARBON
650 #0 - SUBJECT ADDED ENTRY--TOPICAL TERM
Topical term or geographic name entry element CHEMISTRY--HANDBOOKS, MANUALS, ETC
995 ## - RECOMMENDATION 995 [LOCAL, UNIMARC FRANCE]
-- 0.00
-- CBU-MAIN LIBRARY (Kitwe)
-- 1
-- 8.90
-- 1
-- AVAILABLE
-- Mar 15, 2007
-- Main Library Open Access Collection
Holdings
Withdrawn status Lost status Source of classification or shelving scheme Damaged status Not for loan Home library Current library Shelving location Date acquired Total Checkouts Full call number Barcode Date last seen Price effective from Koha item type
          CBU-MAIN LIBRARY, KITWE. CBU-MAIN LIBRARY, KITWE.   11/30/2022   QD 181.C1 Int 012344 11/30/2022 11/30/2022 MONOGRAPH